000
00320nam a22001337a 4500
008
170930b xxu||||| |||| 00| 0 eng d
020
_a
9789629962814
041
_a
eng
080
_a
37
100
_a
47
101
_a
EDU
245
_a
AMERICAN ENGLISH IDIOMATIC EXPRESSIONS IN 52 WEEKS
_c
HOLLEMAN, J
942
_2
udc
_c
BK
999
_c
30911
_d
30911